000 01161nam a2200217Ia 4500
003 Ost
005 20260507075021.0
008 260507s9999||||xx |||||||||||||| ||und||
040 _cfsecg
041 _aara
082 _a347.09
100 _aأبو الهيجاء، محمد إبراهيم
_eمؤلف
245 0 _aالتحكيم بواسطة الأنترنت /
_c محمد إبراهيم أبو الهيجاء
260 _aعمان:
_bالدار العلمية الدولية للنشر والتوزيع,
_c2002
300 _a115 صفحة؛
_bإيضاحات ؛
_c24 سم
490 _aالمكتبة القانونية
_v470
520 _a طلاقة و تعريف الأنترنت اضافة الى ابرز الخدمات التي تقدمها الانترنت و كذا آلية التحكيم عن بعد، المعوقات التي تعترض الانترنت، حجية وسائل الاتصال الحديثةفي الإثباتو اخيرا موقف المشرعين الأردني و المصري من الاثبات بمستخرجات الحاسوب.
653 _aالانترنت
653 _aالتحكم من بعد
942 _cكتاب
999 _c42273
_d42273